000
nam a22 7a 4500
999
_c
47860
_d
47860
003
OSt
005
20190523155247.0
008
190523b xxu||||| |||| 00| 0 eng d
040
_c
IIMT UNIVERSITY
100
_a
By: GITLOW- HOWARD S
245
_a
QUALITY MANAGEMENT
260
_a
NEW DELHI
_b
TMH PUB
_c
2009
300
_a
763
942
_2
ddc
_c
01